00617cam a22001937a 4500003000500000005001700005008004100022010001000063011001000073035001000083040000900093082001600102100002000118245011400138260003800252300002000290650003300310711008000343CHAP20220329135038.0971013s1974 r 00010 d a30075 a31047 a35159 cCHAP a574.166bL500aLinskens, H. F. 0aFertilization in higer plantsb: proceedings of the International Symposium of Fertilization in Higher Plants aAmsterdan :bNorth Holland,c1974 a372 p.b: ilus.14aFertilización (Biología)0 aInternational Symposium on Fertilization in Higer Plantsd1974 :cNijmegen)